000 00413 a2200169 4500
001 188614
020 _a978-85-09765-4
040 _cMagnum
100 _aBrezina, Thomas
240 1 0 _aQuem vai decifrar o código Leonardo?
_lpor
245 1 0 _aQuem vai decifrar o código Leonardo?
300 _a111
362 0 _a2013
440 1 _aÁtica
697 _aLITERATURA INFANTO-JUVENIL ESTRANGEIRA
942 _cBK
999 _c188614
_d188614